Green Growth in the OECD Countries: A Multivariate Analytical Approach

Analýza stavu a vývoja krajín OECD pomocou súboru indikátorov zeleného rastu.

Salvato in:
Dettagli Bibliografici
Autore principale: Gavurová, Beáta, 1972-
Altri autori: Megyesiová, Silvia, 1969-, Hudák, Matej, 1984-
Natura: Capitolo di libro
Lingua:inglese
Soggetti:
Tags: Aggiungi Tag
Nessun Tag, puoi essere il primo ad aggiungerne!!

MARC

LEADER 00000naa a2200000 4500
001 0280824
005 20250905135347.4
041 0 |a eng 
044 |a CH 
245 1 0 |a Green Growth in the OECD Countries: A Multivariate Analytical Approach  |c Beáta Gavurová, Silvia Megyesiová, Matej Hudák 
520 |a Analýza stavu a vývoja krajín OECD pomocou súboru indikátorov zeleného rastu. 
610 2 0 |a produktivita 
610 2 0 |a odpad komunálny 
610 2 0 |a zdravie 
610 2 0 |a analýza zhluková 
100 1 |a Gavurová, Beáta, 1972- 
700 1 |a Megyesiová, Silvia, 1969- 
700 1 |a Hudák, Matej, 1984-